书目信息 |
| 书名: | Basic complex analysis | |
| 作者: | [by] Jerrold E. Marsden, with the assistance of Michael Buchner, Michael Hoffman [and] Clifford Risk | |
| 分册号: | ||
| 分册名: | 出版地: | San Francisco : |
|
| 出版社: | W. H. Freeman | |
| 出版时间: | 1973. | |
| 页数: | x, 472 p. : | |
| 开本: | 24 cm. | |
| 丛书名: | ||
| 中图分类号: | ||
| 科图分类号: | ||
| 其他分类号: | O17:H31 | |
| 主题词: | ||
| 电子资源: | ||
| 000 | 00832nam 2200253 a 4500 | |
| 001 | E0755668497 | |
| 005 | 20070225154142.84 | |
| 008 | 00110 eng | |
| 008 | uu | |
| 010 | @a72089894 | |
| 020 | @a071670451X. | |
| 049 | @aN5LA | |
| 050 | 0 | @aQA331 @b.M378 |
| 082 | @a515/.9 | |
| 090 | @a2/O174.56/MJE////////////662428 | |
| 090 | @aO17:H31 | |
| 096 | @aO174.56 @v2 | |
| 099 | @dO17:H31@ex49 | |
| 100 | 10 | @aMarsden, Jerrold E. |
| 245 | 10 | @aBasic complex analysis / @c[by] Jerrold E. Marsden, with the assistance of Michael Buchner, Michael Hoffman [and] Clifford Risk |
| 260 | 0 | @aSan Francisco :@bW. H. Freeman,@c1973. |
| 300 | @ax, 472 p. :@bill. ;@c24 cm. | |
| 650 | 0 | @aFunctions of complex variables. @b00 @c20020930 @lNLC09 @h2247 @lNLC09 @h2306 @lNLC09 @h1857 |
| 852 | 9 | @bWWJC @cJ08S @k2 @hO174.56 @iMJE |
| Basic complex analysis / / [by] Jerrold E. Marsden, with the assistance of Michael Buchner, Michael Hoffman [and] Clifford Risk.-San Francisco : : W. H. Freeman, , 1973. |
| x, 472 p. : : ill. ; ; 24 cm. |
| ISBN 071670451X. |
| ● |
| 相关链接 |
|
|
|
|
正题名:Basic complex analysis
索取号:O17:H31/x49
 
预约/预借
| 序号 | 登录号 | 条形码 | 馆藏地/架位号 | 状态 | 备注 |
| 1 | 49886 | 000454644 | 第四借阅区/ [索取号:O17:H31/x49] | 在馆 | |
| 2 | 49887 | 000454680 | 第四借阅区/ [索取号:O17:H31/x49] | 在馆 |